Caricamento...

Loka ithihasa kathakal (v.1): Sumerian-Egyption mythology

Dettagli Bibliografici
Autore principale: Vinod V B (ed.)
Altri autori: Jerly
Natura: Printed Book
Pubblicazione: Kottayam Dc Books 2013
Soggetti:
LEADER 00734nam a22002297a 4500
020 |a 978-81-264-4299-7 
082 |a R M301   |b VIN/L.1 
100 |a Vinod V B (ed.) 
245 |a Loka ithihasa kathakal (v.1):  |b Sumerian-Egyption mythology  
260 |a Kottayam  |b Dc Books  |c 2013 
300 |a 1006p. 
650 |a Egypt Epic Stories  
650 |a Sumerian Epic Stories 
650 |a Egypt Mithology 
650 |a Sumerian Mithology 
650 |a Stories Malayalam 
650 |a Literature Malayalam 
650 |a Literature 
700 |a Jerly  
942 |c REF 
999 |c 53792  |d 53792 
952 |0 0  |1 0  |4 0  |6 R_M301_VIN_L_1_000000000000000  |7 0  |9 77581  |a SSUS  |b SSUS  |c REF  |d 2015-06-05  |g 604.00  |o R M301 VIN/L.1  |p 076186  |r 2015-06-05  |w 2015-06-05  |y REF